000 01156cam a2200241 4500
001 WB3933-02
008 030902n2003 000 0 eng u
035 _a(Sirsi) u123470
245 _a2003 Construction roadshow
260 _c2003
490 _aHSE News Release
_v(C043:03) 1 September 2003 (3)
520 _aGovernment launches the 2003 Working Well Together Construction Health and Safety Roadshow in Edinburgh. The Roadshow is taking key health and safety advice to construction workers and employers at sites across Great Britain over the next six weeks. The Working Well Together (WWT) campaign aims to promote best practice and encourage the construction industry to improve health and safety performance. http://www.gnn.gov.uk/gnn/national.nsf/Daily+News/6D9A23B8B72646C680256D95002C6976?opendocument. WWT campaign website, http://www.wwt.uk.com
590 _aWB
650 _aHSE
650 _aCONSTRUCTION INDUSTRY
650 _aEDINBURGH
650 _aWORKING WELL TOGETHER
650 _aBEST PRACTICE
650 _aHEALTH AND SAFETY
_96244
650 _aADVICE
690 _aBUILT ENVIRONMENT-BUILDING STANDARDS
942 _n0
999 _c73331
_d73331